000
00285nam a22001337a 4500
008
171219b xxu||||| |||| 00| 0 eng d
020
_a
9780137129447
041
_a
eng
080
_a
82
100
_a
21
101
_a
GJU
245
_a
PRENTICE LITERATURE
_c
BRONZE
942
_2
udc
_c
BK
999
_c
39140
_d
39140